| 000 | 00454nam a22001937a 4500 | ||
|---|---|---|---|
| 003 | MPLRDC | ||
| 005 | 20220104124132.0 | ||
| 008 | 210129b ||||| |||| 00| 0 eng d | ||
| 020 | _a7-80110-582-6 | ||
| 082 | _a494.2 LLZ | ||
| 100 | _a劳伦兹 | ||
| 245 |
_a狼性 _c |
||
| 250 | _a一版二刷 | ||
| 260 |
_a中国 _b中国民航出版社 _c2004 |
||
| 300 | _b173 | ||
| 490 | _a动物智慧 | ||
| 650 | _a管理组织 | ||
| 942 |
_cBK _o494.2 LLZ |
||
| 999 |
_c16910 _d16900 |
||